K problémům dalšího vzdělávání řídících pracovníků.
Zvyšovanie nárokov na kvalifikáciu riadiacich pracovníkov pri prechode na trhovú ekonomiku. Zhodnotenie súčasného stavu ďalšieho vzdelávania riadiacich pracovníkov. Obsahové a organizačné zameranie tohto vzdelávania.
Na minha lista:
| Autor principal: | |
|---|---|
| Formato: | Capítulo de Livro |
| Idioma: | tcheco |
| Assuntos: | |
| Tags: |
Sem tags, seja o primeiro a adicionar uma tag!
|
MARC
| LEADER | 00000naa a2200000 4500 | ||
|---|---|---|---|
| 001 | r003344 | ||
| 005 | 20220819175316.3 | ||
| 041 | 0 | |a cze | |
| 044 | |a [CS] | ||
| 245 | 1 | 0 | |a K problémům dalšího vzdělávání řídících pracovníků. |c S. Rošický |
| 520 | |a Zvyšovanie nárokov na kvalifikáciu riadiacich pracovníkov pri prechode na trhovú ekonomiku. Zhodnotenie súčasného stavu ďalšieho vzdelávania riadiacich pracovníkov. Obsahové a organizačné zameranie tohto vzdelávania. | ||
| 610 | 2 | 0 | |a pracovníci riadiaci |
| 610 | 2 | 0 | |a kvalifikácia |
| 610 | 2 | 0 | |a vzdelávanie |
| 610 | 2 | 0 | |a hospodárstvo trhové |
| 100 | 1 | |a Rošický, S. | |